| 000 | 02538nam a22002897a 4500 | ||
|---|---|---|---|
| 003 | PE SENCICO BE | ||
| 005 | 20260415155250.0 | ||
| 008 | 260415b |||||||| |||| 00| 0 eng d | ||
| 017 | _22006-6267 | ||
| 020 | _a9972-215-48-2 | ||
| 040 |
_aPE SENCICO BE _cPE SENCICO BE |
||
| 041 | _aspa | ||
| 082 |
_a692.5 _bR74 |
||
| 100 | 1 |
_aRodriguez Castillejo, Walter _9624 _eautor |
|
| 245 | 1 |
_aGerencia de construcción y del tiempo : _bplaneamiento estratégico táctico, operativo de contingencia / _cWalter Rodriguez Castillejo |
|
| 250 | _a1a ed. | ||
| 260 |
_aLima : _bMacro ; _c2006 |
||
| 300 |
_a464 paginas : _bcuadros y diagramas ; _c22 cm. |
||
| 504 | _aBibliografía: p. 453-460 | ||
| 505 | 0 | _aPlaneamiento de obras – Planeamiento estratégico – Planeamiento táctico – Planeamiento operativo – Planeamiento de contingencia – Ejemplos de planeamiento – Distribución en planta en una carretera – Metodología eficaz para planificar proyectos – Ejemplos y problemas desarrollados sobre planificación de obras – Problemas sobre productividad – Contratos – Sistemas de contrato – Modalidades de contrato – Programación de obras – Lógica de redes – Métodos de diagrama de barras Gantt o gráficos lineales – Métodos de diagrama de flechas – Método de la ruta crítica con duraciones límites – Costo y tiempo de un proyecto – Análisis costo/tiempo – Comprensión de redes – Histograma de recursos y nivelación de recursos – Métodos heurísticos de programaciones en función a la optimización – Método de la cadena de trabajo – Programación tipo ferrocarril – Programación a ritmo constante | |
| 520 | 3 | _aExplica la Gerencia de Construcción del Tiempo en cuanto al Planeamiento, la Programación y el Control de Obras. El Planeamiento de obras enfocado a la administración moderna, como planeamiento estratégico, táctico, operativo y de contingencia, porque no olvidemos, que primero es idea y luego acción. Se desarrollan ejemplos prácticos del planteamiento operativo y la elaboración de la estructura de descomposición de trabajo, así como la estructura de descomposición de la organización (los responsables de los entregables), como consecuencia de la EDT ó WBS. Igualmente se presentan también ejemplos de productividad tanto de la mano de obra como de los equipos. | |
| 650 | 1 | 0 |
_aIndustria de la construcción _9355 |
| 650 | 2 | 0 |
_aEdificaciones _9333 |
| 650 | 2 | 0 |
_aProceso constructivo _9426 |
| 910 | _ahfp | ||
| 942 |
_2ddc _cLIB |
||
| 999 |
_c9869 _d9869 |
||